Il primo anno di vita del Partito Popolare Italiano / (Record no. 114860)
[ view plain ]
| 000 -LEADER | |
|---|---|
| campo de control de longitud fija | 00429nam a2200157 i 4500 |
| 001 - NÚMERO DE CONTROL | |
| campo de control | 114860 |
| 003 - IDENTIFICADOR DE NÚMERO DE CONTROL | |
| campo de control | ES-MaACL |
| 005 - FECHA Y HORA DE LA ÚLTIMA TRANSACCIÓN | |
| campo de control | 20230906190252.0 |
| 007 - CAMPO FIJO DE DESCRIPCIÓN FÍSICA--INFORMACIÓN GENERAL | |
| campo de control de longitud fija | t| |
| 008 - DATOS DE LONGITUD FIJA--INFORMACIÓN GENERAL | |
| campo de control de longitud fija | 070411s1920 it ||||1| ita d |
| 100 1# - ENTRADA PRINCIPAL--NOMBRE DE PERSONA | |
| Nombre de persona | De Rossi, Giulio. |
| 9 (RLIN) | 43075 |
| 245 13 - MENCIÓN DEL TÍTULO | |
| Título | Il primo anno di vita del Partito Popolare Italiano / |
| Mención de responsabilidad, etc. | G. De Rossi. |
| 260 ## - PUBLICACIÓN, DISTRIBUCIÓN, ETC. | |
| Lugar de publicación, distribución, etc. | Roma : |
| Nombre del editor, distribuidor, etc. | Manuzio, |
| Fecha de publicación, distribución, etc. | 1920. |
| 300 ## - DESCRIPCIÓN FÍSICA | |
| Extensión | 411 p. ; |
| Dimensiones | 19 cm. |
| 852 ## - LOCALIZACIÓN | |
| Ubicación | ES-MaACL |
| Número de control de estantería | F-7203 |
| Estatus retirado | Estado de pérdida | Estado de daño | No para préstamo | Biblioteca de origen | Biblioteca actual | Ubicación en estantería | Fecha de adquisición | Fuente de adquisición | Total de préstamos | Signatura topográfica completa | Código de barras | Visto por última vez | Precio de reemplazo | Tipo de ítem Koha |
|---|---|---|---|---|---|---|---|---|---|---|---|---|---|---|
| Biblioteca del Ateneo de Madrid | Biblioteca del Ateneo de Madrid | Depósito 2 | 17/01/2008 | F-7203 | 1119777 | 23/02/2023 | 23/02/2023 | Libro impreso |
